Sel ou Cell - Statistiques

Statistiques générales
  • Ce quiz a été pris 44 fois
  • Le résultat moyen est 8 sur 12
Statistiques - réponses
Question Réponse % Correct
Permet de conserver la viande Sel
97%
A plus de 1000 unités de puissance Cell
95%
Utilise le Kameamea Cell
95%
Vient du futur Cell
92%
Rend bon ce qui est fade Sel
92%
Est présent en grande quantité sur la Terre Sel
87%
Est présent dans le corp humain Sel
82%
Peu volé Cell
69%
Est sans pitié quand on l'absorbe Les deux
62%
Fait équipe avec de gros poissons Les deux
49%
Fait sortir les couteaux Les deux
10%
Est sorti d'une baleine Les deux
8%
Aucun quiz correspondant
Distribution des résultats
% des personnes avec chaque résultat
Percentile par nombre de réponses
Votre historique - résultats
Vous n’avez pas pris ce quiz